| 000 | 00686nam a2200265Ia 4500 | ||
|---|---|---|---|
| 001 | 9145 | ||
| 005 | 20240113234151.0 | ||
| 007 | ta | ||
| 008 | 050723s1891 a g b000 u 423 u | ||
| 040 | _aCotton College Assam | ||
| 041 | _a423 | ||
| 082 |
_a891.55 _bMu 899 Si |
||
| 100 | _aTusi, Nizamul Mulk . | ||
| 245 | 0 |
_aSiyasat Namah / _cNizam-ul- Mulk. _hTextual Documents |
|
| 250 | _a1st ed / | ||
| 260 |
_aTehran : _bIntayshrat Zawar , _c1891. |
||
| 300 |
_a1-295p. : _bill. ; _c21cm. . |
||
| 500 | _aPer/34 | ||
| 653 | _aPersian Prose | ||
| 653 | _aPolitical order | ||
| 653 | _aG-Arabic & Persian | ||
| 942 |
_2ddc _cBK |
||
| 999 |
_c9132 _d9132 |
||